|
|
|
|
| LEADER |
01419nam a22003614a 4500 |
| 001 |
EBC3000269 |
| 003 |
MiAaPQ |
| 005 |
20200520144314.0 |
| 006 |
m o d | |
| 007 |
cr cn||||||||| |
| 008 |
990517s2000 ctua sb 001 0 eng |
| 010 |
|
|
|z 99034427
|
| 020 |
|
|
|z 0275965031 (alk. paper)
|
| 020 |
|
|
|z 027596504X (pbk. : alk. paper)
|
| 035 |
|
|
|a (MiAaPQ)EBC3000269
|
| 035 |
|
|
|a (Au-PeEL)EBL3000269
|
| 035 |
|
|
|a (CaPaEBR)ebr5007009
|
| 035 |
|
|
|a (OCoLC)929144188
|
| 040 |
|
|
|a MiAaPQ
|c MiAaPQ
|d MiAaPQ
|
| 050 |
|
4 |
|a HF1455
|b .C576 2000
|
| 082 |
0 |
4 |
|a 337.73
|2 21
|
| 100 |
1 |
|
|a Cohen, Stephen D.
|
| 245 |
1 |
4 |
|a The making of United States international economic policy
|h [electronic resource] :
|b principles, problems, and proposals for reform /
|c Stephen D. Cohen ; foreword by Paul Volcker.
|
| 246 |
3 |
0 |
|a United States international economic policy
|
| 250 |
|
|
|a 5th ed.
|
| 260 |
|
|
|a Westport, Conn. :
|b Praeger,
|c 2000.
|
| 300 |
|
|
|a xix, 305 p. :
|b ill.
|
| 504 |
|
|
|a Includes bibliographical references and index.
|
| 533 |
|
|
|a Electronic reproduction. Ann Arbor, MI : ProQuest, 2015. Available via World Wide Web. Access may be limited to ProQuest affiliated libraries.
|
| 651 |
|
0 |
|a United States
|x Foreign economic relations.
|
| 655 |
|
4 |
|a Electronic books.
|
| 710 |
2 |
|
|a ProQuest (Firm)
|
| 856 |
4 |
0 |
|u https://ebookcentral.proquest.com/lib/matrademy/detail.action?docID=3000269
|z Click to View
|